| 000 | 00354nam a2200133Ia 4500 | ||
|---|---|---|---|
| 005 | 20251223000718.0 | ||
| 008 | 251222s9999||||xx |||||||||||||| ||spa|| | ||
| 082 | _a330.985.25/M84 | ||
| 100 | _aMontoya Canchis, Luis W. | ||
| 245 | 0 | _aDiagnóstico Económico del Cono Norte de Lima Metropolitana: | |
| 250 | _a1ra.ed. | ||
| 264 | _bCopome | ||
| 942 | _cLIB | ||
| 999 |
_c41545 _d41545 |
||